The journal of reproduction and development : Official journal of the Japanese Society of Animal reproduction
Zapisane w:
| Format: | Książka |
|---|---|
| Język: | Undetermined |
| Wydane: |
Tokyo, Japan
The Japanese Society of Animal reproduction
2019
|
| Hasła przedmiotowe: | |
| Etykiety: |
Dodaj etykietę
Nie ma etykietki, Dołącz pierwszą etykiete!
|
| Thư viện lưu trữ: | Trung tâm Học liệu Trường Đại học Cần Thơ |
|---|
| LEADER | 00639nam a2200193Ia 4500 | ||
|---|---|---|---|
| 001 | CTU_234194 | ||
| 008 | 210402s9999 xx 000 0 und d | ||
| 082 | |a 571.81 | ||
| 082 | |b R425 | ||
| 245 | 4 | |a The journal of reproduction and development : | |
| 245 | 0 | |b Official journal of the Japanese Society of Animal reproduction | |
| 245 | 4 | |c The Japanese Society of Animal reproduction | |
| 260 | |a Tokyo, Japan | ||
| 260 | |b The Japanese Society of Animal reproduction | ||
| 260 | |c 2019 | ||
| 650 | |a Animals | ||
| 650 | |x Reproduction and development | ||
| 904 | |i Duy Bằng | ||
| 980 | |a Trung tâm Học liệu Trường Đại học Cần Thơ | ||